000 00741cab a2200229 4500
001 WB3229-39
008 090401t1996 xxu||||| |||| 00| 0 eng d
035 _a(Sirsi) u60550
041 _aeng
245 _aProperty transactions between companies
260 _c1996
350 _a0
490 _aTimes
_v23 July 1996, 40(1)
520 _a"In re Duckwari plc" ChD 11 July 1996. Under the Companies Act 1985 where a substantial property transaction resulted in a loss of value damages could not be recovered.
650 _aCOMPANIES ACT 1985 S320
650 _aDUCKWARI
650 _aPROPERTY TRANSACTIONS
650 _aSHAREHOLDER INTERESTS
690 _aPROPERTY LAW AND PRACTICE-CASE LAW
942 _n0
948 _c04/03/1997
999 _c37367
_d37367